Journal for Continental Philosophy of Religion.

محفوظ في:

التنسيق: دورية

اللغة: Undetermined

الموضوعات:

الوصول للمادة أونلاين: Login to view Source

الوسوم: إضافة وسم

لا توجد وسوم, كن أول من يضع وسما على هذه التسجيلة!

رقم الطلب:

LEADER 00539nms a2200181Ia 4500
005 20240402053751.0
008 240131s9999||||xx |||||||||||||||||und||
999 |c 56440  |d 56440 
022 |a 2588-9605 
022 |a 2588-9613 
245 0 0 |a Journal for Continental Philosophy of Religion. 
336 |2 rdacontent  |a text  |b txt 
337 |2 rdamedia  |a unmediated  |b n 
338 |2 rdacarrier  |a volume  |b n 
500 |a BRILLBRILLJ 
650 4 |a Philosophy of religion. 
856 |z JCPR  |u https://brill.com/view/journals/jcpr/jcpr-overview.xml 
942 |2 lcc  |c EJL